Pierwsza „5” Pucharu Świata wszech czasów - Statystyki

Ogólne statystyki
  • Ten quiz został rozwiązany 335 razy
  • Średni wynik to 11 z 21
Statystyki odpowiedzi
Miejsce Kraj Liczba Imię i Nazwisko % Poprawnych
2 Polska 126 Adam Małysz
97%
7 Polska 109 Kamil Stoch
93%
1 Finlandia 163 Janne Ahonen
87%
8 Austria 100 Stefan Kraft
81%
4 Szwajcaria 116 Simon Ammann
77%
6 Japonia 110 Noriaki Kasai
72%
3 Austria 122 Gregor Schlierenzauer
64%
13 Słowenia 84 Peter Prevc
61%
5 Austria 112 Thomas Morgenstern
58%
9 Finlandia 96 Matti Nykanen
57%
15 Niemcy 75 Martin Schmitt
41%
16 Niemcy 73 Severin Freund
41%
10 Austria 94 Andreas Goldberger
40%
10 NRD/ Niemcy 94 Jens Weissflog
40%
17 Niemcy 69 Sven Hannawald
35%
18 Austria 66 Andreas Kofler
33%
20 Finlandia 63 Matti Hautamaeki
24%
18 Austria 66 Andreas Felder
20%
14 Austria 83 Andreas Widholzl
18%
20 Finlandia 63 Ari-Pekka Nikkola
16%
12 Austria 85 Ernst Vettori
9%
Nie znaleziono quizów pasujących do podanych kryteriów
Rozkład punktacji
Procent ludzi z każdym wynikiem
Percentyl według liczby udzielonych odpowiedzi
Twoja historia wyników
Nie rozwiązałeś tego quizu